Mexique (Record no. 3274)

MARC details
000 -CABECERA
campo de control de longitud fija 00767nam a2200253 a 4500
001 - NÚMERO DE CONTROL
campo de control BRCA_3539
005 - FECHA Y HORA DE LA ÚLTIMA TRANSACCIÓN
campo de control 20190320204326.0
008 - DATOS DE LONGITUD FIJA--INFORMACIÓN GENERAL
campo de control de longitud fija 290709s1936----fr-a---###---#000-0#fre-#
041 ## - CÓDIGO DE LENGUA
Código de lengua del texto/banda sonora o título independiente fre
044 ## - CÓDIGO DEL PAÍS DE LA ENTIDAD EDITORA/PRODUCTORA
Código MARC del país fr
050 #4 - SIGNATURA TOPOGRÁFICA DE LA BIBLIOTECA DEL CONGRESO
Número de clasificación F1215
Número de documento/Ítem .CH37 1936
100 1# - ENTRADA PRINCIPAL--NOMBRE DE PERSONA
Nombre de persona Chase, Stuart
9 (RLIN) 9183
245 10 - MENCIÓN DE TÍTULO
Título Mexique
Resto del título Étude compareé de deux Amériques
Mención de responsabilidad, etc. Stuart Chase ; traduit de 1´anglais par L. Servicen.
260 ## - PUBLICACIÓN, DISTRIBUCIÓN, ETC.
Lugar de publicación, distribución, etc. París
Nombre del editor, distribuidor, etc. Gallimard
Fecha de publicación, distribución, etc. 1936
300 ## - DESCRIPCIÓN FÍSICA
Extensión 251 p.
Otras características físicas il., mapas
Dimensiones 23 cm.
500 ## - NOTA GENERAL
Nota general B206
650 14 - PUNTO DE ACCESO ADICIONAL DE MATERIA--TÉRMINO DE MATERIA
Término de materia o nombre geográfico como elemento de entrada Viajeros estadounidenses
9 (RLIN) 7583
651 #4 - PUNTO DE ACCESO ADICIONAL DE MATERIA--NOMBRE GEOGRÁFICO
Nombre geográfico México
Subdivisión general Descripción y viajes
9 (RLIN) 103
651 #4 - PUNTO DE ACCESO ADICIONAL DE MATERIA--NOMBRE GEOGRÁFICO
Nombre geográfico México
Subdivisión general Civilización
9 (RLIN) 9184
651 #4 - PUNTO DE ACCESO ADICIONAL DE MATERIA--NOMBRE GEOGRÁFICO
Nombre geográfico México
Subdivisión general Vida social y costumbres
9 (RLIN) 769
700 1# - PUNTO DE ACCESO ADICIONAL--NOMBRE DE PERSONA
Nombre de persona Servicen, L.
Término indicativo de función/relación tr
9 (RLIN) 9185
902 ## - CATALOGADOR
Iniciales GFM
942 ## - ELEMENTOS DE PUNTO DE ACCESO ADICIONAL (KOHA)
Fuente del sistema de clasificación o colocación Library of Congress Classification
Tipo de ítem Koha Libros
Holdings
Estado de retiro Estado de pérdida Estado dañado No para préstamo Localización permanente Ubicación/localización actual Fecha de adquisición Número de inventario Total de préstamos Signatura topográfica completa Código de barras Fecha visto por última vez Precio válido a partir de Tipo de ítem Koha
El ejemplar forma parte de la colección y puede ser consultado según las políticas vigentes.       Biblioteca del Museo Franz Mayer (Rogerio Casas-Alatriste) Biblioteca del Museo Franz Mayer (Rogerio Casas-Alatriste) 29/07/2009 B206   F1215 .CH37 1936 (B206) 3536 22/03/2019 22/03/2019 Libros